The proud cat

Bibliographic Details
Format: Book
Published: Selangor : Edu tech Publisher , 2005
Series:Moral fauna readers
Subjects:

MARC

LEADER 00000cam a2200000 7i4500
001 0000004786
005 20220105104006.0
008 070731
020 |a 9832746256(set) 
020 |a 9832746272 
090 0 0 |a JP   |b MOR ENG (6023) 
245 0 4 |a The proud cat 
260 |a Selangor :   |b Edu tech Publisher ,   |c 2005 
440 |a Moral fauna readers 
500 |a Children age 4-6 years old (yellow) 
650 0 |a Junior preschool   |x English   |x Languages 
650 0 |a Moral 
999 |a 0000905091   |b Book   |c Children Collection   |e Cawangan Bandar Tenggara 
999 |a 0000974694   |b Book   |c Children Collection   |e Cawangan Kota Tinggi 
999 |a 0000974696   |b Book   |c Children Collection   |e Cawangan Bandar Penawar 
999 |a 0000974697   |b Book   |c Children Collection   |e Cawangan Pontian 
999 |a 0000974737   |b Book   |c Children Collection   |e Cawangan Tmn. Ungku Tun Aminah 
999 |a 0000974738   |b Book   |c Children Collection   |e Perbadanan Perpustakaan Awam Johor 
999 |a 0000974739   |b Book   |c Children Collection   |e Cawangan Tmn. Ungku Tun Aminah 
999 |a 0000974740   |b Book   |c Children Collection   |e Perbadanan Perpustakaan Awam Johor